Anuario del Cuerpo Facultativo de Archiveros, Bibliotecarios y Anticuarios. (Record no. 2516)

MARC details
000 -LEADER
campo de control de longitud fija 01243nas a2200349 i 4500
001 - NÚMERO DE CONTROL
campo de control 2516
003 - IDENTIFICADOR DE NÚMERO DE CONTROL
campo de control ES-MaACL
005 - FECHA Y HORA DE LA ÚLTIMA TRANSACCIÓN
campo de control 20250730063042.0
008 - DATOS DE LONGITUD FIJA--INFORMACIÓN GENERAL
campo de control de longitud fija 950801d18821883sp a| | 1 ||pa d
022 ## - NÚMERO INTERNACIONAL NORMALIZADO PARA PUBLICACIONES SERIADAS
Número Internacional Normalizado para Publicaciones Seriadas 2793-6872
040 ## - FUENTE DE CATALOGACIÓN
Centro/agencia transcriptor ES-MaACL
080 ## - NÚMERO DE LA CLASIFICACIÓN DECIMAL UNIVERSAL
Número de la Clasificación Decimal Universal 08
080 ## - NÚMERO DE LA CLASIFICACIÓN DECIMAL UNIVERSAL
Número de la Clasificación Decimal Universal 069
080 ## - NÚMERO DE LA CLASIFICACIÓN DECIMAL UNIVERSAL
Número de la Clasificación Decimal Universal 930.25
245 00 - MENCIÓN DEL TÍTULO
Título Anuario del Cuerpo Facultativo de Archiveros, Bibliotecarios y Anticuarios.
260 ## - PUBLICACIÓN, DISTRIBUCIÓN, ETC.
Lugar de publicación, distribución, etc. Madrid :
Nombre del editor, distribuidor, etc. Cuerpo Facultativo de Archiveros, Bibliotecarios y Anticuarios,
Fecha de publicación, distribución, etc. 1882-1883
300 ## - DESCRIPCIÓN FÍSICA
Extensión 2 volúmenes ;
Dimensiones 24 cm
310 ## - PERIODICIDAD ACTUAL
Periodicidad actual Anual
362 0# - FECHAS DE PUBLICACIÓN Y/O DESIGNACIÓN SECUENCIAL
Fecha de publicación y/o designación secuencial 1881-1882.
530 ## - NOTA DISPONIBLE DE FORMULARIO FÍSICO ADICIONAL
Nota de formato físico adicional disponible Disponible en formato digital
610 24 - PUNTO DE ACCESO ADICIONAL DE MATERIA--NOMBRE DE ENTIDAD CORPORATIVA
Nombre de entidad corporativa o nombre de jurisdicción como elemento de entrada Cuerpo Facultativo de Archiveros, Bibliotecarios y Anticuarios
9 (RLIN) 3353
650 #7 - PUNTO DE ACCESO ADICIONAL DE MATERIA--TÉRMINO DE MATERIA
Término de materia o nombre geográfico como elemento de entrada Biblioteconomía
9 (RLIN) 10554
655 #7 - TERMINO DE INDIZACIÓN--GENERO/FORMA
Datos o término principal de género/forma Anuarios
9 (RLIN) 226822
710 2# - ENTRADA AGREGADA--NOMBRE DE ENTIDAD CORPORATIVA
Nombre de entidad corporativa o nombre de jurisdicción como elemento de entrada Cuerpo Facultativo de Archiveros, Bibliotecarios y Anticuarios.
Término indicativo de función/relación entidad responsable
9 (RLIN) 3353
785 00 - ENTRADA/ENLACE A UN TÍTULO POSTERIOR
Título Anuario del Cuerpo Facultativo de Archiveros, Bibliotecarios y Arqueólogos
852 4# - LOCALIZACIÓN
Ubicación ES-MaACL
Ubicación en estantería Sala Palomar
Número de control de estantería C-4725-26
856 ## - LOCALIZACIÓN Y ACCESO ELECTRÓNICOS
Identificador Uniforme de Recursos <a href="https://hemerotecadigital.bne.es/hd/issn/1136-4629">https://hemerotecadigital.bne.es/hd/issn/1136-4629</a>
Texto de enlace Versión en línea
Nota pública (Hemeroteca Digital)
866 #0 - MENCIÓN TEXTUAL DE FONDOS--UNIDAD BIBLIOGRÁFICA BÁSICA
Fondos 1881-82
942 ## - ELEMENTOS DE ENTRADA SECUNDARIOS (KOHA)
Fuente del sistema de clasificación o colocación Clasificación decimal universal
Tipo de ítem Koha Revista
Suprimir en OPAC No
955 ## - CATALOGADOR - EDICIÓN
Nombre de catalogador Pilar Fernández Vera
Holdings
Estatus retirado Estado de pérdida Fuente del sistema de clasificación o colocación Estado de daño No para préstamo Colección Biblioteca de origen Biblioteca actual Ubicación en estantería Fecha de adquisición Total de préstamos Signatura topográfica completa Código de barras Visto por última vez Precio de reemplazo Tipo de ítem Koha
    Clasificación decimal universal     Colección digital Biblioteca del Ateneo de Madrid Biblioteca del Ateneo de Madrid Sala Palomar 17/01/2008   C-4725-26 1002559 23/02/2023 23/02/2023 Revista